| 000 | 05667cam a22018974i 4500 | ||
|---|---|---|---|
| 003 | PE-LiUPU | ||
| 005 | 20250813165603.0 | ||
| 008 | 150623s2003 sp a r 000 0 spa d | ||
| 020 | _a9972625605 | ||
| 020 | _a9789972625602 | ||
| 035 | _a(Sirsi) i9789972625602 | ||
| 040 |
_aPE-LiUPU _bspa _cPE-LiUPU _dPE-LiUPU _erda |
||
| 049 | _aPRUA | ||
| 082 | 0 | 4 |
_a610.73 _bM53 _221 |
| 110 | 2 | _aLexus Editores S. A. | |
| 245 | 1 | 0 |
_aManual de enfermería / _cProyecto, realización y dirección editorial: DIORKI, Servicios Ingtegrales de Edición. |
| 264 | 1 |
_aBarcelona : _bLexus, _c2003. |
|
| 300 |
_a822 páginas : _bilustraciones ; _c27 centímetros |
||
| 300 | _a1 CD-ROM | ||
| 336 |
_atext _2rdacontent |
||
| 337 |
_aunmediated _2rdamedia |
||
| 338 |
_avolume _2rdacarrier |
||
| 505 | 0 | _aDesarrollo del proceso de enfermería -- Prácticas generales básicas para el trabajo de enfermería -- Asistencia de enfermería comunitaria -- Deontología de la profesión de enfermería -- Técnicas de asistencia general de enfermería -- Asistencia de enfermería ante las necesidades fisiológicas del paciente -- Valoración y cuidados de enfermería de los sistemas orgánicos: El sistema cardiovascular -- El sistema digestivo -- El sistema endocrino -- Los sistemas hematológicos e inmunológico -- El sistema musculoesquelético -- El sistema nervioso -- Los ojos y los oídos -- Los sistemas renal y urinario -- El sistema reproductor -- El sistema respiratorio -- El sistema tegumentario. Enfermería materno infantil y pediátrica -- Enfermería geriátrica -- Primeros auxilios -- Enfermería quirúrgica. | |
| 526 | _aP203 | ||
| 526 | _aP200 | ||
| 526 | _aSEG65 | ||
| 526 | _aSEG64 | ||
| 526 | _aSEG63 | ||
| 526 | _aSEG62 | ||
| 526 | _aSEG61 | ||
| 526 | _aSEG60 | ||
| 526 | _aSEG59 | ||
| 526 | _aSEG58 | ||
| 526 | _aSEG57 | ||
| 526 | _aSEG56 | ||
| 526 | _aSEG55 | ||
| 526 | _aSEG54 | ||
| 526 | _aSEG53 | ||
| 526 | _aSEG52 | ||
| 526 | _aSEG51 | ||
| 526 | _aSEG50 | ||
| 526 | _aSEG49 | ||
| 526 | _aSEG48 | ||
| 526 | _aSEG47 | ||
| 526 | _aSEG46 | ||
| 526 | _aSEG24 | ||
| 526 | _aSEG23 | ||
| 526 | _aSEG22 | ||
| 526 | _aSEG21 | ||
| 526 | _aSEG20 | ||
| 526 | _aSEG19 | ||
| 526 | _aSEG18 | ||
| 526 | _aSEG17 | ||
| 526 | _aSEG16 | ||
| 526 | _aSEG14 | ||
| 526 | _aSEG13 | ||
| 526 | _aSEG12 | ||
| 526 | _aSEG11 | ||
| 526 | _aSEG10 | ||
| 526 | _aSEG09 | ||
| 526 | _aSEG06 | ||
| 526 | _aSEG05 | ||
| 526 | _aSEG04 | ||
| 526 | _aSEG03 | ||
| 526 | _aSEG02 | ||
| 526 | _aSEG68 | ||
| 526 | _aSEG66 | ||
| 526 | _aSEG45 | ||
| 526 | _aSEG25 | ||
| 526 | _aSEG01 | ||
| 526 | _aP163 | ||
| 526 | _aP162 | ||
| 526 | _aP161 | ||
| 526 | _aP160 | ||
| 526 | _aP159 | ||
| 526 | _aP158 | ||
| 526 | _aP157 | ||
| 526 | _aP156 | ||
| 526 | _aP155 | ||
| 526 | _aP154 | ||
| 526 | _aP153 | ||
| 526 | _aP152 | ||
| 526 | _aP151 | ||
| 526 | _aP150 | ||
| 526 | _aP149 | ||
| 526 | _aP142 | ||
| 526 | _aP141 | ||
| 526 | _aP140 | ||
| 526 | _aP139 | ||
| 526 | _aP138 | ||
| 526 | _aP137 | ||
| 526 | _aP132 | ||
| 526 | _aP131 | ||
| 526 | _aP130 | ||
| 526 | _aP126 | ||
| 526 | _aP125 | ||
| 526 | _aP124 | ||
| 526 | _aP123 | ||
| 526 | _aP115 | ||
| 526 | _aP122 | ||
| 526 | _aP121 | ||
| 526 | _aP116 | ||
| 526 | _a P114 | ||
| 526 | _aP112 | ||
| 526 | _aP111 | ||
| 526 | _aP104 | ||
| 526 | _aP103 | ||
| 526 | _aP102 | ||
| 526 | _aP101 | ||
| 526 | _aP100 | ||
| 526 | _aP96 | ||
| 526 | _aP95 | ||
| 526 | _aP93 | ||
| 526 | _aP92 | ||
| 526 | _aP91 | ||
| 526 | _aP88 | ||
| 526 | _aP83 | ||
| 526 | _aP82 | ||
| 526 | _aP79 | ||
| 526 | _aP78 | ||
| 526 | _aP75 | ||
| 526 | _aP74 | ||
| 526 | _aP71 | ||
| 526 | _aP69 | ||
| 526 | _a P51 | ||
| 526 | _aP49 | ||
| 526 | _aP48 | ||
| 526 | _aP47 | ||
| 526 | _aP33 | ||
| 526 | _aP31 | ||
| 526 | _a P30 | ||
| 526 | _aP29 | ||
| 526 | _aP27 | ||
| 526 | _aP26 | ||
| 526 | _aP25 | ||
| 526 | _aP24 | ||
| 526 | _a P22 | ||
| 526 | _aP10 | ||
| 526 | _aP09 | ||
| 526 | _a P08 | ||
| 526 | _aP06 | ||
| 526 | _aP05 | ||
| 526 | _aP04 | ||
| 526 | _aP01 | ||
| 650 | 0 | 4 |
_aEnfermería quirúrgica. _9747 |
| 650 | 0 | 4 | _aEnfermería y paciente. |
| 650 | 0 | 4 |
_aEnfermería _vCompendios, manuales, etc. |
| 650 | 0 | 4 | _aPrimeros auxilios. |
| 942 |
_2ddc _cBOOK |
||
| 949 |
_a610.73 L54 2008 _wDEWEY _c1 _i1005884 _lCCODEBUJ1 _mBUJ _p33.00 _r0 _sY _tBOOK _u2015-9-16 _xSALUD _PP22 _0COMPRA _o.STAFF. Colección General |
||
| 949 |
_a610.73 L54 2008 _wDEWEY _c2 _i1005994 _lCCODEBUJ1 _mBUJ _p33.00 _r0 _sY _tBOOK _u2015-9-16 _xSALUD _PP22 _0COMPRA _o.STAFF. Colección General |
||
| 949 |
_a610.73 L54 2008 _wDEWEY _c3 _i1005995 _lCCODEBUJ1 _mBUJ _p33.00 _r0 _sY _tBOOK _u2015-9-16 _xSALUD _PP22 _0COMPRA _o.STAFF. Colección General |
||
| 949 |
_a610.73 M53 _wDEWEY _c1 _i52171 _lCCODEBUL1 _mBUL _p33.00 _r0 _sY _tBOOK _u2015-6-24 _xSALUD _zUNKNOWN _0COMPRA _o.STAFF. Colección Ciencias de la Salud |
||
| 949 |
_a610.73 L54 _wDEWEY _c1 _iFJ06171 _lCCODEBUJ1 _mBUJ _p23.00 _r0 _sY _tBOOK _u28/08/201 _xSALUD _PP22 _0COMPRA _o.STAFF -- Colección General Juliaca |
||
| 994 |
_aC0 _bPEPRU |
||
| 596 | _a1 3 | ||
| 999 |
_a610.73 M53 _wDEWEY _c33978 _i52171 _d33978 _e2017-8-8 _f2021-11-3 _g5 _lCCODEBUL1 _mBUL _n1 _p33.00 _q4 _r0 _sY _tBOOK _u2015-6-24 _xSALUD _zUNKNOWN _0COMPRA _o.STAFF. Colección Ciencias de la Salud |
||
| 999 |
_a610.73 L54 _wDEWEY _c1 _iFJ06171 _d2017-6-8 _e2017-6-7 _lCCODEBUJ1 _mBUJ _n1 _p23.00 _r1 _sY _tBOOK _u2017-1-27 _xSALUD _PP22 _0COMPRA _o.STAFF. Colección General Juliaca |
||
| 980 |
_81 _gALBERTO SANCHEZ Responsable de Automatización |
||